000
00327pam a2200133a 44500
008
230405s2008 xxu||||| |||| 00| 0 eng d
041
_a
ENG
100
_a
GARRATT D C
245
_a
THE QUANTITATIVE ANALYSIS OF DRUGS
250
_a
3
260
_a
NEW YORK
_b
JOHN WILLY & SONS NEW YORK
_c
2008
300
_a
925
906
_a
3913
999
_c
279184
_d
279184